000 00476nam a22001457a 4500
003 0
005 20160609172503.0
008 130820t xxu||||| |||| 00| 0 eng d
040 _aBUAC
_bFr
_cBEPAC
100 _aMELE, Melchiade O.G.
_926936
245 _aInventaire des insectes des stocks de riz au Bénin : estimation des pertes occasionnées
_cMELE, Melchiade O.G.
260 _aAbomey-Calavi
_bEcole Polytechnique d’Abomey-Calavi
_c2006
300 _a75 p.
942 _cTHE
999 _c53030
_d53030